000 00317nam a22001457a 4500
008 221010b ||||| |||| 00| 0 eng d
020 _a0801622336
041 _aeng
080 _a616.5
082 _a616.5 HAB
100 _a11.2
101 _aDER
245 _aCLINICAL DERMATOLOGY
_cHABIF.P.TH
942 _2udc
_cBK
999 _c58425
_d58425